000 007710000a22002170004500
020 _a0-281-03584-9
082 0 4 _aG 230.01 M17t
100 1 _aMascall, E. L.
245 1 0 _aTheology and the gospel of Christ : An essay in reorientation / E. L. Mascall
260 _aLondon : SPCK
300 _a254 páginas
500 _aIncluye índice (P. 251-254)
501 _aRústico
505 0 0 _aLa naturaleza y tarea de teología - Historia y los evangelios - Cristología hoy en día - Carácter y colegialidad: Relación como un principio en la teología
650 1 4 _aTeología \ Evangelio - Historia \ Cristología
001 19792
942 _cBK
999 _c46153
_d46153
336 _atexto
_btxt
_2rdacontent
337 _2rdamedia
_asin mediación
_bn
338 _2rdacarrier
_avolumen
_bnc